[Event "BL2-Nord 1718"]
[Site "Germany"]
[Date "2017.11.12"]
[Round "3.8"]
[White "Junge, Ralf"]
[Black "Anirudh, Unni"]
[Result "1/2-1/2"]
[WhiteElo "2269"]
[BlackElo "2033"]
[PlyCount "40"]
[EventDate "2017.10.08"]
[EventType "team-tourn"]
[EventRounds "9"]
[EventCountry "GER"]
[SourceTitle "CBM 183 Extra"]
[Source "ChessBase"]
[SourceDate "2018.04.19"]
[SourceVersion "1"]
[SourceVersionDate "2018.04.19"]
[SourceQuality "1"]
[WhiteTeam "Kiel Turm"]
[BlackTeam "Oldenburg Union"]
[WhiteTeamCountry "GER"]
[BlackTeamCountry "GER"]

1. d4 d5 2. c4 c6 3. cxd5 cxd5 4. Bg5 Nc6 5. Nc3 Qb6 6. e3 e6 7. a3 Bd7 8. Bd3 Rc8 9. Nge2 Bd6 10. 0-0 Nge7 11. Bf4 Bxf4 12. Nxf4 Ng6 13. Na4 Qd8 14. Nh5 0-0 15. Nc5 b6 16. Nxd7 Qxd7 17. Qa4 Nb8 18. Qxd7 Nxd7 19. Rfc1 Nb8 20. Kf1 Ne7 1/2-1/2